000 01086nam a2200229Ia 4500
003 Ost
005 20260507075249.0
008 260507s9999||||xx |||||||||||||| ||und||
020 _a9789957122256
040 _cfsecg
041 _aara
082 _a330
100 _aزيارة، فريد فهمي
_eمؤلف
245 0 _aوظائف منظمات الأعمال :
_bمدخل معاصر /
_c فريد فهمي زيارة
260 _aعمان:
_bدار اليازوري,
_c2009
300 _a678 صفحة؛
_bإيضاحات ؛
_c24 سم
504 _aمراجع ص.678
520 _aتطور و بيئة نظام الاعمال ، منظمة الاعمال و أدوار المدير و المهارات الادارية ، أشكال ملكية الاعمال ، ادارة العمليات ، ادارة التسويق و الادارة المالية ، ادارة الموارد البشرية ، نظام معلومات الاعمال و المسؤولية الاجتماعية .
653 _aالادارة
653 _aمنظمات الأعمال
942 _cكتاب
999 _c43680
_d43680